000 00950nas a2200301 4500
001 BR2013007630
003 BR-BrBNA
005 20231205122957.0
007 ta
008 230509b bl.|||p| |||| 00| 00por d
040 _aBR-BrBNA
_bpor
_cBiblioteca Nacional de Agricultura
041 _a(Pt)
072 _aP36
100 1 _aFernandes, L.S.
100 1 _aGriffith, J.J.
100 1 _aFonseca, D.M. de
100 1 _aDias, L.E.
100 1 _aRuiz, H.A.
245 1 _aUso de geomantas no controle da erosão superficial hídrica em um talude em corte de estrada
650 _aEROSÃO DO SOLO
650 _aPERDA
650 _aESCOAMENTO
650 _aRECUPERAÇÃO DO SOLO
773 0 _tRevista Brasileira de Ciência do Solo (Brazil)
_xISSN 0100-0683
_g(Jan-Feb 2009), v. 33(1) p. 199-206
_wBR2013007630
856 4 0 _uhttp://www.scielo.br/pdf/rbcs/v33n1/21.pdf
909 _a202311
_bLúcia
_c55
_dLúcia Elande
942 _2AGRIS
_n0
_cANA
999 _c231570
_d231570